000 00668nam a2200265Ia 4500
005 20260121170719.0
008 008 260114s9999 xx 000 0 eng d
020 _a9783319969831
037 _aEBOOK
040 _aCRL
040 _beng
040 _cCRL
041 _2eng
041 _aeng
084 _qCRL
100 _aMarco Aldinucci, Luca Padovani, Massimo Torquati
_91067263
245 0 _aEuro-Par 2018: Parallel Processing
260 _bSpringer
260 _bSpringer
260 _c2018
856 _uhttps://link.springer.com/openurl?genre=book&isbn=978-3-319-96983-1
942 _cEBOOK
999 _c1632993
_d1632993